|
|
|
|
| LEADER |
00000nab a2200000 a 4500 |
| 001 |
vtls010692386 |
| 003 |
SK-MaSNL |
| 005 |
20260304022754.0 |
| 008 |
150714c2015 xo qr0p 000 a slo |
| 015 |
|
|
|a SNBRB2015
|
| 038 |
|
|
|a BAULUV
|
| 040 |
|
|
|a BAULUV
|b slo
|c BAULUV
|e AACR2
|
| 041 |
|
|
|a slo
|b eng
|
| 044 |
|
|
|a xo
|c SK
|
| 072 |
|
7 |
|a 7.01/.09
|x Umenie
|2 konspekt
|
| 080 |
|
|
|a 7.05
|2 2001
|
| 080 |
|
|
|a 637.62
|2 2001
|
| 080 |
|
|
|a 745.52.02
|2 2001
|
| 100 |
1 |
|
|a Lipková, Michala
|4 aut
|9 331341
|
| 245 |
1 |
0 |
|a Karpatská vlna
|c Michala Lipková
|
| 300 |
|
|
|b Fotogr.
|
| 610 |
2 |
7 |
|a Vyšehradská skupina
|2 SNKKA
|9 183397
|
| 650 |
0 |
7 |
|a WoolDesign. Carpathians. (projekt)
|2 SNKPH
|9 1302017
|
| 650 |
0 |
7 |
|a ovčia vlna
|2 SNKPH
|9 110069
|
| 650 |
0 |
7 |
|a dizajn
|2 SNKPH
|9 762
|
| 650 |
0 |
7 |
|a textilné techniky
|2 SNKPH
|9 87061
|
| 650 |
0 |
7 |
|a Textile techniques
|2 SNKPHeng
|9 316739
|
| 650 |
0 |
7 |
|a Design
|2 SNKPHeng
|9 267116
|
| 650 |
0 |
7 |
|a Sheep wool
|2 SNKPHeng
|9 356211
|
| 651 |
|
7 |
|a Tešín (Poľsko)
|2 SNKPHgeo
|9 58806
|
| 773 |
0 |
|
|t Remeslo, umenie, dizajn
|p RUD
|g Roč. 16, č. 2 (2015), s. 10-11
|x 1335-5457
|
| 852 |
|
|
|a BAULUV
|b KIS3GCP
|
| 856 |
|
2 |
|u http://www.uluv.sk/sk/web/casopis-rud/archiv/rok-2015/rud-022015/karpatska-vlna/
|
| 958 |
|
|
|a SK
|
| 958 |
|
|
|a RBX
|
| 999 |
|
|
|c 2612935
|d 2614865
|